[Event "18th Delhi GM Open 2020"]
[Site "Delhi"]
[Date "2020.01.10"]
[Round "2.22"]
[White "Stupak, Kirill"]
[Black "Luong, Phuong Hanh"]
[Result "1-0"]
[WhiteElo "2506"]
[BlackElo "2256"]
[Annotator "TA"]
[PlyCount "99"]
[EventDate "2020.01.09"]
[EventType "swiss"]
[EventCountry "IND"]
[SourceTitle "playchess.com"]
[Source "ChessBase"]
[SourceQuality "1"]

{[%evp 9,99,-4,23,-8,10,4,8,10,25,18,34,17,25,22,23,39,20,19,46,45,50,37,47,31,37,31,32,0,0,-68,-51,-110,-89,-112,-112,-107,-105,-112,-114,-112,-43,-37,-43,-42,-34,-29,-27,-33,-28,-41,-21,-24,-24,-41,-25,-30,39,-45,0,-30,0,0,0,-56,0,0,0,0,0,0,0,0,0,0,0,0,0,0,0,0,0,-8,1109,908,5474,5306,29966,29963,29969,6315,6195,5962]} 1. Nf3 Nf6 2. c4 g6 3. b4 Bg7 4. Bb2 a5 5. b5 c6 6. Na3 {A15: English Opening: 1...Nf6} d5 7. e3 O-O 8. Be2 {The position is equal.} Bg4 9. O-O (9. h3 Bxf3 10. Bxf3 Nbd7 11. O-O e6 12. Rc1 Qe7 13. Qc2 Rfc8 14. bxc6 bxc6 15. cxd5 exd5 {1-0 (36) Kempinski,R (2597)-Azarov,S (2601) Czechia 2011}) 9... Nbd7 $146 ({Predecessor:} 9... Qd6 10. Rc1 Bxf3 11. Bxf3 Ng4 12. Bxg4 Bxb2 {0-1 (42) Kempinski,R (2340)-Szuk,B (2315) Szombathely 1993}) 10. bxc6 bxc6 11. cxd5 cxd5 12. Nb5 Bxf3 13. Bxf3 a4 14. Rb1 Nb6 15. Bd4 Nfd7 16. Bxg7 Kxg7 17. Qc1 e6 18. Qa3 Nc4 19. Qb4 (19. Qc3+ $11 Qf6 20. d4) 19... Qa5 $1 $15 20. Rfd1 ({Better is} 20. Qe7 $1 $15 Rad8 21. Nd4) 20... Rfb8 21. Qxa5 Rxa5 22. Nc3 Rxb1 23. Nxb1 Rb5 24. Be2 Rb2 (24... Ndb6 $17 25. Nc3 Rb2 26. Bxc4 Nxc4) 25. Bxc4 $1 dxc4 {[%mdl 4096] Endgame KRN-KRN} 26. Nc3 Nc5 27. Kf1 a3 28. Ke2 f5 29. f3 e5 30. Rc1 Nd3 31. Ra1 Kf7 32. Kd1 Kg7 (32... Nb4 $11) 33. Ke2 (33. Rb1 $14) 33... Kf7 34. Kd1 Nf2+ 35. Ke2 Nd3 36. Nb1 {[#]} ({White should try} 36. Kd1 $11) 36... Rxa2 $1 {[%mdl 512]} 37. Rxa2 $11 Nc1+ {[%mdl 64] Double Attack} 38. Kd1 Nxa2 39. Nxa3 {KN-KN} c3 40. Nc2 e4 41. fxe4 fxe4 42. Nd4 Kf6 43. Nc6 Ke6 44. Kc2 Kd6 45. Nd8 Ke7 $2 {[%mdl 8192] [#]} (45... cxd2 $11 46. Kxd2 Kd5) 46. dxc3 $18 Kxd8 47. Kb2 Kc7 48. Kxa2 Kc6 49. Kb3 Kc5 50. c4 {Accuracy: White = 71%, Black = 43%.} 1-0

[Event "18th Delhi GM Open 2020"]
[Site "Delhi"]
[Date "2020.01.10"]
[Round "2.23"]
[White "Rios, Cristhian Camilo"]
[Black "Raahul V S"]
[Result "1-0"]
[WhiteElo "2498"]
[BlackElo "2233"]
[Annotator "TA"]
[PlyCount "85"]
[EventDate "2020.01.09"]
[EventType "swiss"]
[EventCountry "IND"]
[SourceTitle "playchess.com"]
[Source "ChessBase"]
[SourceQuality "1"]

{[%evp 17,85,42,38,20,22,14,13,-27,53,36,74,23,23,23,23,22,39,36,30,30,28,28,32,25,40,44,62,47,53,53,53,56,68,83,319,297,313,289,531,537,519,527,535,524,533,527,487,519,476,473,571,571,561,560,560,556,685,682,731,731,725,724,674,633,633,616,739,739,731,723]} 1. d4 d5 2. c4 c6 3. Nf3 Nf6 4. Qc2 dxc4 5. Qxc4 Bf5 6. g3 e6 7. Bg2 Nbd7 8. O-O Bd6 9. Nc3 O-O 10. Re1 {D23: Queen's Gambit Accepted: 3 Nf3 Nf6 sidelines} (10. Nh4 $5 {[%cal Re2e4]}) 10... e5 11. e4 Be6 12. Qa4 {The position is equal.} Qc7 $146 (12... exd4 $11 13. Nxd4 Bc5) ({Predecessor:} 12... Qb6 13. Qc2 exd4 14. Nxd4 Qxd4 15. Rd1 Qc5 16. Be3 {0-1 (28) Homa,S (2331)-Holt,C (2555) Wheeling 2014}) 13. h3 $14 Rad8 14. Be3 ({White should play} 14. Rd1 $16) 14... Nb6 $1 $11 {[%cal Rb6a4]} 15. Qc2 Nc4 16. dxe5 Nxe3 17. Rxe3 ({Worse is} 17. exd6 Nxc2 18. dxc7 Rd7 $17) 17... Bxe5 18. Nxe5 Qxe5 19. f4 Qc5 20. Qf2 Rfe8 21. Rae1 b5 22. a3 Bc4 23. e5 Nd5 24. Ne4 $1 $36 {[%cal Re4c5][%mdl 2048] Black is under pressure.} Qb6 25. Rf3 {[#] Hoping for b3.} f6 $2 (25... f5 $16 {might work better.} 26. Nc5 Ne7) 26. b3 $18 fxe5 27. bxc4 exf4 $2 (27... bxc4 28. f5 Qd4) 28. cxd5 {White is clearly winning.} cxd5 29. Qxb6 axb6 30. Nf6+ gxf6 31. Rxe8+ Rxe8 32. Rxf4 {[%mdl 4096] Endgame KRB-KR} Kg7 33. Bxd5 Re3 34. Rf3 Re5 35. Rd3 Re2 36. Rb3 f5 37. Rxb5 Re1+ {[#]} 38. Kf2 $1 Ra1 39. Rb3 Kf6 40. Bc6 Ke5 41. a4 h6 42. Rb5+ Kd6 43. Rxb6 {Accuracy: White = 75%, Black = 39%.} 1-0

[Event "18th Delhi GM Open 2020"]
[Site "Delhi"]
[Date "2020.01.10"]
[Round "2.24"]
[White "Kaczur, Florian"]
[Black "Wagh Suyog"]
[Result "1/2-1/2"]
[WhiteElo "2485"]
[BlackElo "2219"]
[Annotator "TA"]
[PlyCount "83"]
[EventDate "2020.01.09"]
[EventType "swiss"]
[EventCountry "IND"]
[SourceTitle "playchess.com"]
[Source "ChessBase"]
[SourceQuality "1"]

{[%evp 12,83,10,8,31,35,40,38,45,41,37,32,52,46,47,40,43,29,42,29,38,30,41,14,35,29,39,26,37,40,36,31,46,19,18,11,21,31,28,2,6,-3,-14,-15,0,-23,0,-35,0,-23,-26,-11,-16,-18,-37,-81,-83,-135,0,-39,0,-78,-68,-69,-54,-89,-57,-64,-61,-96,-15,-114,-97,-142]} 1. e4 c5 2. Nf3 d6 3. d4 cxd4 4. Nxd4 Nf6 5. Nc3 a6 6. h3 e5 7. Nde2 h5 {B90: Sicilian Najdorf: Unusual White 6th moves, 6 Be3 Ng4 and 6 Be3 e5} 8. g3 (8. Be3 Be6 9. g3 Nbd7 10. a4 Be7 11. Bg2 Rc8 12. a5 O-O 13. O-O Nc5 14. f4 exf4 15. gxf4 {1-0 (30) Ponkratov,P (2632)-Nepomniachtchi,I (2767) Moscow 2019}) 8... b5 9. Nd5 Nxd5 {White is slightly better.} 10. Qxd5 Ra7 11. Be3 Bb7 $146 ({Predecessor:} 11... Be6 12. Qd2 Rd7 13. Nc3 h4 14. g4 d5 15. Nxd5 Bxd5 16. exd5 Rxd5 {1-0 (72) Gunina,V (2510)-Goryachkina,A (2486) St Petersburg 2017}) 12. Qd3 Ra8 13. Bg2 Nd7 14. Nc3 Be7 15. Nd5 Bxd5 16. Qxd5 O-O 17. O-O Qc7 18. c3 h4 19. Rad1 Nb6 20. Qd3 Na4 21. Qd2 Rfd8 22. Rc1 Rab8 23. Rfd1 Nc5 24. Qe2 Qc8 25. b4 Ne6 26. c4 {Black must now prevent cxb5.} Qb7 27. Qd2 Bf6 28. cxb5 axb5 29. Qd5 Qe7 30. Rc6 hxg3 31. fxg3 Nd4 32. Bxd4 exd4 33. Rdc1 Be5 34. Rd1 (34. Qb3 $142) 34... Bf6 (34... Bxg3 $17 {aiming for ...Be5.} 35. Qxd4 Be5) 35. Rdc1 $15 Be5 36. Qb3 (36. Rd1 $1 $11) 36... Qg5 37. Kh2 Ra8 38. Rf1 Rd7 39. Rf3 g6 40. Rc2 {[#]} Kg7 ({Better is} 40... Raa7 $1 $17) 41. Kg1 {[#]} (41. Bf1 $11) 41... Raa7 $1 $17 42. Rcf2 {Accuracy: White = 37%, Black = 42%.} 1/2-1/2

[Event "18th Delhi GM Open 2020"]
[Site "Delhi"]
[Date "2020.01.10"]
[Round "2.25"]
[White "Varun, Vij"]
[Black "Karthik Venkataraman"]
[Result "1-0"]
[WhiteElo "1964"]
[BlackElo "2479"]
[Annotator "TA"]
[PlyCount "101"]
[EventDate "2020.01.09"]
[EventType "swiss"]
[EventCountry "IND"]
[SourceTitle "playchess.com"]
[Source "ChessBase"]
[SourceQuality "1"]

{[%evp 11,101,-7,-2,-8,-5,-11,0,0,0,0,0,0,0,0,4,-12,1,-16,-11,-42,-34,-57,-31,-45,-56,-55,-53,-54,-42,-35,-52,-55,-55,-58,-31,-56,0,-96,-89,-123,-100,-168,-131,-142,-103,-112,-109,-131,-80,-58,-53,-112,-113,-114,-124,-123,-116,-122,-102,-99,-81,-87,-52,-109,-109,-106,-106,-116,-109,-105,-102,-95,-120,-85,-90,-186,-186,-179,-137,-254,-179,-201,-227,-231,-246,-244,-240,-228,-228,-275,633,-304]} 1. e4 c5 2. Nc3 d6 3. f4 g6 4. Nf3 Bg7 5. Bc4 Nc6 6. O-O e6 7. d4 {B23: Closed Sicilian: Lines without g3} cxd4 8. Nb5 Nge7 (8... Na5 9. Bd3 e5 10. b4 Nc6 11. Bc4 Nf6 12. c3 a6 13. Ng5 axb5 14. Bxf7+ Ke7 15. cxd4 Nxd4 {½-½ (33) Nepomniachtchi,I (2775)-Giri,A (2779) Paris 2019}) 9. Bb3 {[%cal Rb5d4] The position is equal.} O-O 10. Nbxd4 Na5 11. Be3 a6 12. Qe1 b5 $146 ({Predecessor:} 12... e5 13. fxe5 dxe5 14. Qh4 Nxb3 15. Nxb3 f6 16. Rad1 Qc7 17. Bc5 Be6 18. Bd6 Qb6+ 19. Bc5 Qc7 20. Bd6 Qb6+ 21. Bc5 {½-½ (21) Roberson,P (2428)-Gordon,S (2533) Daventry 2019}) 13. Rd1 Qc7 14. e5 dxe5 15. fxe5 Nxb3 16. axb3 Bb7 17. Bg5 Nf5 18. c3 Nxd4 19. cxd4 Qc2 20. Rd2 Qxb3 21. Be7 Rfe8 $36 {[%mdl 2048] Black has the initiative.} 22. Bc5 h6 23. Rdf2 Rad8 (23... Rec8 $15) 24. Qe2 {[#]} (24. Nd2 $11 {remains equal.} Qd5 25. Nb1) 24... Rd7 $1 $17 25. Nh4 Bd5 26. Qg4 (26. Rc1 $17) 26... Qd3 27. b4 Qe4 28. Qg3 Bc4 29. Rf4 Qd3 (29... Qa8 $142 30. Ra1 g5) 30. R4f3 Qd2 31. R3f2 (31. Ra1 $1 $15) 31... Qg5 32. Ra1 Qxg3 33. hxg3 {[#]} Ra8 $1 34. Nf3 Bd5 35. Nh2 h5 36. g4 Bh6 {Threatens to win with ...Be3.} 37. Ra3 ({White should play} 37. gxh5 $1 $15 Be3 38. Ng4 Bxf2+ 39. Kxf2) 37... h4 38. Nf3 Bxf3 39. gxf3 Bc1 40. Rc3 Bf4 41. Ra3 {[#]} a5 $1 {[%mdl 512]} 42. bxa5 {[#]} (42. Rxa5 Rxa5) 42... b4 $1 {[%cal Rb4a3][%mdl 512]} 43. Rb3 (43. Bxb4 $17 {was worth a try.} Rxd4 44. Bd6) 43... Rxa5 $19 44. Kg2 Rb5 45. Rc2 (45. Rxb4 $17 {is a better defense.} Rxb4 46. Bxb4) 45... Rc7 46. Rcb2 {[#]} Bxe5 $1 {[%mdl 512]} 47. Rxb4 (47. dxe5 Rbxc5) 47... Rbxc5 48. dxe5 Rxe5 49. f4 Re3 {White must now prevent ...Rg3+.} 50. g5 Rf3 $4 {[%mdl 8192]} (50... Rcc3 $19 51. Kh2 Rh3+ 52. Kg1 Rc1+ 53. Kf2 Kg7) 51. Kh2 $4 {[%mdl 40960] Accuracy: White = 45%, Black = 59%. . Sensor Board Error (Ke4/e5)?} (51. Kxf3 $18 {avoids the disaster.} Rc1 52. Rh2) 1-0

[Event "18th Delhi GM Open 2020"]
[Site "Delhi"]
[Date "2020.01.10"]
[Round "2.26"]
[White "Vishnu Prasanna. V"]
[Black "Sapaev, Maksad"]
[Result "1-0"]
[WhiteElo "2474"]
[BlackElo "2207"]
[Annotator "TA"]
[PlyCount "63"]
[EventDate "2020.01.09"]
[EventType "swiss"]
[EventCountry "IND"]
[SourceTitle "playchess.com"]
[Source "ChessBase"]
[SourceQuality "1"]

{[%evp 17,63,-3,22,0,0,0,-10,-10,-7,-12,48,38,51,-10,-8,-8,-16,-15,0,0,0,-15,-13,-32,-27,-20,-8,0,5,0,0,0,0,0,0,0,0,0,0,0,16,35,38,15,33,5,737,725]} 1. d4 Nf6 2. c4 e6 3. Nc3 Bb4 4. e3 O-O 5. Bd2 b6 6. Bd3 Bb7 7. Nf3 d5 8. cxd5 exd5 9. O-O a6 10. Qc2 {E52: Nimzo-Indian: Rubinstein: 4...0-0 5 Nf3 d5 6 Bd3 b6} (10. Ne5 Bd6 11. f4 c5 12. Be1 Nc6 13. Bf2 Nb4 14. Bb1 Rc8 15. Qf3 Rc7 16. a3 Nc6 17. g4 Na5 {1-0 (50) Li,C (2732)-Zeng,C (2539) China 2018}) 10... Re8 11. Ne5 Bd6 12. f4 {The position is equal.} c5 $1 13. Be1 Nc6 (13... cxd4 $11 14. exd4 Nc6) 14. Bh4 $14 Nb4 15. Qd1 $146 ({White should try} 15. Bxf6 $1 $14 Nxc2 16. Bxd8 Nxa1 17. Bxb6) ({Predecessor:} 15. Bxf6 gxf6 16. Bxh7+ Kg7 17. Qf5 {1-0 (30) Barski,R (2346)-Nguyen,P (2430) Warsaw 2016}) 15... Nxd3 $11 16. Qxd3 c4 17. Qc2 b5 18. Rf3 Be7 19. Bxf6 Bxf6 20. Raf1 Bc8 21. a3 Qd6 22. g4 g6 23. Qf2 Bg7 {Threatening ...f6.} 24. Qh4 Qd8 25. Qxd8 Rxd8 26. f5 Bxe5 27. dxe5 Ra7 28. Rd1 Re8 29. Nxd5 {[#] Nf6+ is the strong threat.} Rxe5 30. Nf6+ Kg7 31. g5 {Intending Rd8 and mate.} Rxf5 $2 {[%mdl 8192]} (31... Ra8 $11) 32. Rxf5 {Accuracy: White = 57%, Black = 61%.} 1-0

[Event "18th Delhi GM Open 2020"]
[Site "Delhi"]
[Date "2020.01.10"]
[Round "2.27"]
[White "Navalgund, Niranjan"]
[Black "Vignesh N R"]
[Result "1-0"]
[WhiteElo "2246"]
[BlackElo "2472"]
[Annotator "TA"]
[PlyCount "145"]
[EventDate "2020.01.09"]
[EventType "swiss"]
[EventCountry "IND"]
[SourceTitle "playchess.com"]
[Source "ChessBase"]
[SourceQuality "1"]

{[%evp 12,145,4,-10,36,0,0,0,-2,-9,8,-7,0,0,38,36,52,16,19,-14,8,0,0,0,0,-57,-9,-20,-18,-10,0,0,0,0,0,0,0,0,0,-5,-3,-2,-7,-11,-10,-10,0,-9,0,0,0,0,0,-1,0,0,0,0,0,0,24,22,30,15,17,17,45,45,58,47,51,20,20,20,20,20,20,20,20,20,20,0,20,20,20,20,20,20,20,20,20,20,20,20,20,20,20,20,20,20,20,20,20,20,20,20,20,20,325,278,5522,5531,5181,4850,3109,2876,29949,29944,11561,6935,5181,5514,29942,29955,29952,12848,12501,9034,6129,6250,29962,29963,29959,29951,6769,6546]} 1. Nf3 d5 2. d4 Nf6 3. e3 g6 4. c4 Bg7 5. Nc3 O-O 6. Bd2 c6 7. Bd3 Na6 {D94: Grünfeld: 4 Nf3 Bg7 5 e3} (7... dxc4 8. Bxc4 b5 9. Bd3 a6 10. Ne4 Nbd7 11. Nxf6+ Nxf6 12. Qe2 Bb7 13. O-O Nd7 14. Be4 f5 15. Bc2 {½-½ (37) Dreev,A (2667)-Mamedov,R (2659) Dubai 2014}) 8. a3 c5 9. cxd5 $146 ({Predecessor:} 9. O-O cxd4 10. exd4 dxc4 11. Bxc4 Nc7 12. Qb3 e6 13. Bg5 b6 14. Rad1 Bb7 15. Ne5 {1-0 (55) Nguyen Huynh Tuan,H (1790)-Le,M (1780) Can Tho 2012}) 9... Nxd5 {The position is equal.} 10. O-O cxd4 11. exd4 Nac7 12. Rc1 Nxc3 13. bxc3 Qd6 14. Qb3 b5 15. a4 Be6 16. Qb4 a6 17. Qxd6 exd6 18. Bf4 (18. Ng5 $11) 18... Rfd8 (18... Nd5 $5 {[%cal Rd5f4]} 19. Bxd6 Rfd8 $11) 19. axb5 axb5 20. Ra1 Nd5 21. Bd2 Rxa1 22. Rxa1 Rc8 23. Bxb5 Nxc3 24. Bd3 h6 25. Rc1 Nd5 26. Rxc8+ Bxc8 27. h3 Bb7 28. Ne1 g5 29. h4 gxh4 30. Nf3 h3 31. gxh3 Ne7 32. Nh4 Bc8 33. Kg2 Bf6 34. Kg3 Kg7 35. Bb4 Bxh4+ 36. Kxh4 $11 {[%mdl 4096] Endgame KBB-KBN} Bf5 37. Be2 Ng6+ 38. Kg3 d5 39. h4 Nf8 40. Bg4 Be4 $1 41. Bxf8+ Kxf8 $14 {KB-KB} 42. Kf4 {Hoping for Bf5.} Ke7 43. Ke5 f6+ 44. Kf4 Bg6 45. Bf3 Ke6 46. Bg4+ Ke7 47. Bf5 Bh5 48. Bc8 {[#] Kf5 is the strong threat.} Bd1 49. Bg4 Bc2 50. Be2 Bg6 51. Kg4 Ke6 52. Ba6 Ke7 53. Bc8 Kd6 $1 54. Bf5 Be8 55. Bh7 {Black must now prevent Kf5.} Bf7 56. Kf4 Be6 57. Bg6 Ke7 58. Bf5 {Strongly threatening Bxe6.} Bf7 59. Kg4 Kf8 $2 {[%mdl 8192] [#]} (59... Be8 $11) 60. Bc8 $1 $18 Ke7 $2 (60... Bg6 61. Be6 Kg7 62. Bxd5 Kf8) 61. Kf5 Bh5 62. Bb7 Bf7 63. Bc6 h5 64. Bb5 Be6+ 65. Kg6 Bg4 66. Ba6 Bf3 67. Bc8 Be2 68. Bf5 Bf3 69. Kg7 Be2 70. Kh6 Kf7 71. Bg6+ Kf8 72. Bxh5 Bd3 73. Bf3 {Accuracy: White = 76%, Black = 54%.} 1-0

[Event "18th Delhi GM Open 2020"]
[Site "Delhi"]
[Date "2020.01.10"]
[Round "3.1"]
[White "Ponkratov, Pavel"]
[Black "Stupak, Kirill"]
[Result "1/2-1/2"]
[WhiteElo "2622"]
[BlackElo "2506"]
[Annotator "TA"]
[PlyCount "91"]
[EventDate "2020.01.09"]
[EventType "swiss"]
[EventCountry "IND"]
[SourceTitle "playchess.com"]
[Source "ChessBase"]
[SourceQuality "1"]

{[%evp 9,91,0,1,0,0,0,0,-5,14,0,8,14,23,0,45,30,72,64,73,37,44,34,50,58,41,60,57,36,50,14,28,0,5,12,33,33,40,41,58,13,23,18,18,26,31,14,30,0,65,23,32,-6,-6,-4,0,0,0,0,0,0,0,0,0,0,0,0,0,0,0,0,0,0,0,0,0,0,99,0,0,0,0,0,0,0]} 1. e4 e6 2. d4 d5 3. Nc3 dxe4 4. Nxe4 Nd7 5. c4 Ngf6 6. Nc3 {C10: French with 3 Nc3: Unusual Black 3rd moves and 3...dxe4} c5 7. Nf3 cxd4 8. Nxd4 Bc5 9. Be2 O-O (9... Qb6 10. Na4 Qa5+ 11. Bd2 Bb4 12. Nc3 O-O 13. a3 Bxc3 14. Bxc3 {1-0 (64) Zvjaginsev,V (2644)-Kozlov,G (2380) Moscow 2019}) 10. O-O a6 11. a3 e5 $146 ({Predecessor:} 11... Qc7 12. Be3 Ne5 13. b4 {0-1 (32) Viszlai,A (2009)-Belis,R (2122) Slovakia 2010}) 12. Nc2 Nb8 {[%cal Bd7b8,Bb8c6,Bc6e5][%mdl 32]} 13. b4 Be7 14. Bg5 Nc6 15. Bf3 e4 16. Qxd8 ({Much worse is} 16. Nxe4 Nxe4 17. Qxd8 Bxd8 $11) 16... Bxd8 17. Be2 h6 18. Bh4 Be6 19. Rab1 Ne5 20. c5 Nd5 21. Nxd5 {[#] And now Bg3 would win.} Bxd5 (21... Bxh4 {looks sharper.} 22. Rfd1 Rad8 23. Nde3 Bg5 24. Nd4 Bd7) 22. Bg3 Bf6 23. Ne3 $36 {[%mdl 2048] White fights for an advantage.} Be6 24. Rbd1 (24. Bxe5 $5 Bxe5 25. Bc4 $14) 24... Rad8 25. Bxe5 Bxe5 26. Bc4 Bd7 27. g4 Ba4 28. Rd5 Bf6 ({Black should play} 28... Bf4 $11) 29. Nf5 Bc6 30. Rxd8 Rxd8 31. Nd6 Kf8 32. Rb1 b5 33. Bb3 Rd7 34. Bc2 Re7 35. Nf5 Rd7 36. Re1 g6 37. Nd6 Bb2 38. Bxe4 Bxe4 39. Rxe4 $11 {[%mdl 4096] [#] Endgame Black must now prevent Re8+. KRB-KRN} Re7 $1 {[%cal Re7e4] Hoping for ...Rxe4.} 40. Rf4 $1 Be5 41. Rf3 Bxd6 $1 42. cxd6 Re1+ 43. Kg2 Rd1 {The position is equal.} 44. Re3 Rxd6 45. Kf3 Rd2 46. h4 {Accuracy: White = 62%, Black = 62%.} 1/2-1/2

[Event "18th Delhi GM Open 2020"]
[Site "Delhi"]
[Date "2020.01.10"]
[Round "3.2"]
[White "Martinez Alcantara, Jose Eduardo"]
[Black "Rios, Cristhian Camilo"]
[Result "1-0"]
[WhiteElo "2606"]
[BlackElo "2498"]
[Annotator "TA"]
[PlyCount "137"]
[EventDate "2020.01.09"]
[EventType "swiss"]
[EventCountry "IND"]
[SourceTitle "playchess.com"]
[Source "ChessBase"]
[SourceQuality "1"]

{[%evp 9,137,19,20,4,20,14,20,-6,0,-1,-6,-6,24,5,38,0,-5,-24,-27,-25,-14,-43,-22,-47,-49,-65,-58,-91,-51,-55,-51,-79,-86,-83,-28,-37,-47,-36,-36,-36,-40,-38,-39,-37,-8,-127,-27,-24,-25,-27,-27,-25,0,0,0,0,24,24,23,23,23,20,23,8,16,16,16,16,22,22,66,66,66,66,73,73,76,68,141,143,237,215,882,882,747,139,139,139,139,0,0,0,154,154,154,153,735,760,742,742,712,621,29964,29965,29965,29966,29966,29967,29967,29967,29964,29965,29972,29970,29972,29962,29959,29960,1852,1459,29974,29975,29975,29976,29975,29972,29971,29972,29970,29971]} 1. e4 c5 2. Nf3 Nc6 3. Nc3 Nf6 4. Bb5 e5 5. d3 (5. Bxc6 dxc6 6. Nxe5 Nxe4 7. Nxe4 Qd4 8. Qe2 Qxe5 9. f4 Qe7 10. f5 Bd7 11. O-O O-O-O 12. d3 c4 13. Be3 Qe5 14. Qf2 cxd3 15. cxd3 Be8 16. Bxa7 Rxd3 {1-0 (26) Anand,V (2771)-Delgado Ramirez,N (2619) Batumi 2018}) 5... d6 6. O-O {B30: Sicilian: 2...Nc6 3 Bb5, lines without ...g6} h6 7. a4 $146 ({Predecessor:} 7. Nd2 Bd7 8. Nc4 a6 9. Bxc6 Bxc6 10. f4 b5 11. Ne3 exf4 12. Rxf4 g6 13. Qf3 {½-½ (37) Beerdsen,T (2488)-Van Dael,S (2228) Eindhoven 2019}) 7... Be7 8. Nd5 {The position is equal.} Nxd5 9. exd5 {[%mdl 64] Pin} a6 10. Bc4 Nd4 11. Nd2 b6 12. c3 Nf5 13. b4 cxb4 14. cxb4 Bd7 15. Ba2 O-O $36 {[%mdl 2048] Black has the initiative.} 16. Nc4 b5 17. Na5 Qb6 18. axb5 axb5 19. Bb2 Bg5 20. Qg4 Ra7 {Threatens to win with ...Ne3.} 21. Qe4 Rc7 (21... Nd4 $17 22. Bxd4 Qxd4 23. Qxd4 exd4) 22. Bb3 Ne7 23. Qe2 Rfc8 24. Rad1 Nf5 {[#]} 25. Nc6 $1 {[%mdl 512]} Bxc6 26. dxc6 Qxc6 (26... Rxc6 $6 27. Qf3 $16) 27. d4 (27. g3 $11 {keeps the balance.}) 27... exd4 ({Black should try} 27... e4 $1 $17 28. d5 Qe8) 28. Qg4 $11 Qd7 29. Bxd4 Nxd4 30. Qxd4 Rc1 31. g3 Rxd1 32. Rxd1 Rc1 33. Rxc1 Bxc1 34. h4 Qc6 35. Bd5 Qc2 36. Kg2 Qf5 37. Bc6 {Hoping for Qa1.} Qe5 38. Qd3 Bb2 39. Bd5 Bd4 40. Qxb5 {Qb8+ is the strong threat.} g5 41. hxg5 hxg5 42. Qc4 Kg7 43. Bxf7 Qe4+ (43... Qf6 $1 $14 44. f3 g4) 44. f3 $1 $16 {[%cal Rf3e4]} Qe3 (44... Qe5 $16 45. Bg8 d5 46. Bxd5 Bc3) 45. Bh5 $18 {aiming for Qf7+.} (45. Kh3 Qxf3 46. Qxd4+ Kxf7 $11) 45... g4 $2 (45... Kf6 46. Qf7+ Ke5 47. Qe7+ Kd5 48. Bf7+ Kc6 49. Be8+ Kd5 50. Qf7+ Ke5) 46. Qf7+ Kh8 {[#]} 47. Qf8+ $2 (47. Qe8+ $1 $18 {is the precise move to win.} Qxe8 48. Bxe8) 47... Kh7 $16 {[%csl Gd4][%cal Re3g1]} 48. Qf5+ Kh8 {[%csl Gd4][%cal Re3g1]} 49. Qf8+ (49. fxg4 $6 Qg1+ 50. Kf3 Qe3+ 51. Kg2 Qg1+ 52. Kf3 Qe3+ 53. Kg2 $11) (49. Qc8+ $16 Kh7 50. Qb7+ (50. fxg4 Qg1+ 51. Kf3 Qe3+ 52. Kg2 Qg1+ 53. Kf3 Qe3+ 54. Kg2 $11) 50... Kh6 51. fxg4) 49... Kh7 $11 {[%csl Gd4][%cal Re3g1]} 50. Qf5+ $2 ({Better is} 50. Qf7+ $11 Kh8 51. Qe8+ (51. fxg4 Qg1+ 52. Kf3 Qe3+ 53. Kg2 Qg1+ 54. Kf3 Qe3+ 55. Kg2 $11) 51... Qxe8 52. Bxe8) 50... Kh8 $16 {[%csl Gd4][%cal Re3g1]} 51. Qc8+ ({Stronger than} 51. fxg4 Qg1+ 52. Kf3 Qe3+ 53. Kg2 Qg1+ 54. Kf3 Qe3+ 55. Kg2 $11) 51... Kh7 {[%csl Gd4][%cal Re3g1]} 52. Qc2+ ({Worse is} 52. fxg4 Qg1+ 53. Kf3 Qe3+ 54. Kg2 Qg1+ 55. Kf3 Qe3+ 56. Kg2 $11) 52... Kg7 $2 (52... Kh8 $16 53. Bxg4 Qg1+ 54. Kh3 Qf1+ 55. Qg2 Qb1) 53. Qg6+ $18 Kh8 54. Qe8+ Qxe8 55. Bxe8 gxf3+ 56. Kxf3 {[%mdl 4096] Endgame KB-KB} Kg7 57. Ke4 Bf2 {[#]} 58. g4 $1 Kf6 59. Ba4 Ke6 60. Bb3+ Kd7 61. b5 Bg1 62. Kd5 Be3 63. Bc2 Bf4 64. Bf5+ Ke7 65. Kc6 {White mates.} Kf6 66. b6 Ke7 67. Kc7 d5+ 68. Kc8 Kf6 69. Bc2 {Accuracy: White = 58%, Black = 40%.} 1-0

[Event "18th Delhi GM Open 2020"]
[Site "Delhi"]
[Date "2020.01.10"]
[Round "3.3"]
[White "Karthik Venkataraman"]
[Black "Gupta, Abhijeet"]
[Result "1-0"]
[WhiteElo "2479"]
[BlackElo "2603"]
[Annotator "TA"]
[PlyCount "75"]
[EventDate "2020.01.09"]
[EventType "swiss"]
[EventCountry "IND"]
[SourceTitle "playchess.com"]
[Source "ChessBase"]
[SourceQuality "1"]

{[%evp 18,79,29,29,32,32,41,0,0,0,0,0,38,36,38,38,38,47,40,54,27,31,45,52,38,41,61,41,20,18,89,91,95,121,277,226,223,229,346,335,343,331,339,314,350,316,446,432,411,394,402,404,396,385,480,453,441,418,415,391,1033,1025,29986,29987]} 1. e4 c5 2. Nf3 d6 3. d4 cxd4 4. Nxd4 Nf6 5. Nc3 Nc6 6. Bg5 e6 7. Qd2 a6 8. O-O-O Bd7 9. f3 Nxd4 10. Qxd4 Be7 {B67: Sicilian: Richter-Rauzer: 7...a6 8 0-0-0 Bd7, lines without 9 f4 Be7} 11. Kb1 b5 $146 (11... Qc7 12. g4 h5 13. gxh5 Nxh5 14. h4 Qc5 15. Qd2 b5 16. Bd3 b4 17. Ne2 a5 18. Rhg1 {0-1 (53) Grischuk,A (2777)-Firouzja,A (2723) Moscow 2019}) 12. a3 Qc7 {The position is equal.} 13. g4 h5 14. gxh5 Nxh5 15. Bxe7 Kxe7 16. e5 {[%cal Re5d6]} dxe5 17. Qb4+ Ke8 18. Ne4 {[#] Nd6+ is the strong threat.} a5 $1 {[%cal Ra5b4]} 19. Nd6+ Kf8 20. Nxb5+ axb4 21. Nxc7 Rd8 {Threatens to win with ...Ng3!} 22. Bb5 $1 {[%cal Rb5d7]} ({Don't play} 22. axb4 $6 Ng3 $11) 22... Ke7 23. axb4 Bxb5 (23... Nf6 $11) 24. Nxb5 $16 Nf4 25. Na7 $36 {[%mdl 2048] And now Nc6+ would win. White is on the roll.} Kf6 $2 (25... Rxd1+ $16 {keeps fighting.} 26. Rxd1 Nd5) 26. Nc6 Rc8 27. b5 Rh3 (27... Nd5 {was necessary.} 28. Rde1 Rh5) 28. Rd6 $18 Nd5 29. c4 Ne7 30. Na5 Rb8 31. Rd7 Rb6 (31... Rhh8 {was called for.} 32. Nb7 Nc8) 32. Nb7 Rh4 33. c5 Rxb5 34. Nd6 Rxc5 35. Ne8+ Kg6 36. Rxe7 e4 37. fxe4 Rxe4 {[#]} 38. Rg1+ {Played: Re7xf7} 1-0